000 00304nam a2200121Ia 4500
008 191201s2019 xx 000 0 und d
100 _aMARTIN, John C
245 0 _aIntroduction to languages and the theory of …..
260 _aN. delhi
_bTMH
300 _a543
650 _aB.Tech(IT)
942 _2ddc
_cBK
999 _c6371
_d6371